Eclipse of God: studies in the relation between Religion and Philosophy

Guardado en:
Detalles Bibliográficos
Autor principal: Buber, Martin
Formato: Libro
Lenguaje:inglés
Publicado: New York, USA Harper & Row 1952
Colección:Harper Torchbooks
Materias:
Etiquetas: Agregar Etiqueta
Sin Etiquetas, Sea el primero en etiquetar este registro!

MARC

LEADER 00000nam a2200000 a 4500
001 UCZ5300
003 CL-VaPUC
005 20220319074507.0
008 951117e19520000US |||||||||||||||||eng|d
999 |c 241619  |d 241617 
040 |c Pontificia Universidad Católica de Valparaíso 
082 0 4 |a 212 BUB 1952  |2 21 
100 0 |a Buber, Martin  |9 348708 
245 1 0 |a Eclipse of God: studies in the relation between Religion and Philosophy 
260 0 3 |a New York, USA  |b Harper & Row  |c 1952 
300 |a 148 páginas 
490 0 |a Harper Torchbooks 
583 |a last modification  |c 19951117 00:00:00  |k Rodrigo Vera 
600 0 |a Dios  |9 314467 
650 0 |a Teología   |9 258766 
650 0 |a Filosofía cristiana   |9 265980 
650 0 |a Ética  |9 255099 
650 0 |a Religión   |9 255164 
650 0 |a Conceptos morales   |9 310606 
650 0 |a Filosofía del espíritu  |9 320175 
942 |c BK  |2 ddc 
945 |d 19951117 00:00:00  |a lriquelm 
952 |0 0  |1 0  |2 ddc  |4 0  |6 212_000000000000000_BUB_1952  |7 0  |8 P  |9 253996  |a BIBEDU  |b BIBEDU  |c BIBEDU_PB  |d 2019-11-19  |i 1573993  |o 212 BUB 1952  |p 1573993  |r 2024-01-25  |t 1  |w 2019-11-19  |y BK  |k FIL